Ekonomické záujmy v zahraničnej politike

Vzťah ekonomických záujmov a zahraničnej politiky v teóriách medzinárodných vzťahov. Ekonomická závislosť a zahraničná politika. Niektoré ekonomické aspekty politiky krajín V4 v EÚ.

Enregistré dans:
Détails bibliographiques
Auteur principal: Kurucz, Milan, 1954-
Format: Chapitre de livre
Langue:slovaque
Sujets:
Tags: Ajouter un tag
Pas de tags, Soyez le premier à ajouter un tag!

MARC

LEADER 00000nla a2200000 4500
001 0241530
005 20240502073932.1
041 0 |a slo 
044 |a SK 
245 1 0 |a Ekonomické záujmy v zahraničnej politike  |c Milan Kurucz 
520 |a Vzťah ekonomických záujmov a zahraničnej politiky v teóriách medzinárodných vzťahov. Ekonomická závislosť a zahraničná politika. Niektoré ekonomické aspekty politiky krajín V4 v EÚ. 
610 2 0 |a politika zahraničná 
610 2 0 |a vzťahy medzinárodné 
610 2 0 |a spolupráca medzinárodná 
610 2 0 |a integrácia ekonomická medzinárodná 
610 2 0 |a záujmy ekonomické 
610 2 0 |a Vyšehradská štvorka 
610 2 0 |a Európska únia 
100 1 |a Kurucz, Milan, 1954-